000 00691nam a22001937a 4500
999 _c174304
_d174304
005 20200603123317.0
010 _aUR-10774
020 _c200.00
_a9789389002843
035 _aU-9329
037 _bDBAD/PUB
_a-
082 _a840.8
100 _aمحمد مصطفی علی سر و ر ی
245 _aا حسا سا ت(حصہ د و م )
_cمحمد مصطفی علی سر و ر ی
246 _bAhsasaat(Part-2) (Urdu)
_aby Mohd. Mustafa Ali Sarwari
260 _aDelhi
_bEducational Publishing House
_c2019 ء
270 _a3191,Vakil Street,Kucha Pandit Lal Kuan,
_bDelhi
_e110006
_k23216162
_l-
300 _a174 ص
_c22 Cm(Hb)
942 _2ddc
_cUR
_h840.8
_m م ح م